[Event "FIDE Olympiad Disabilties 2020"]
[Site "Online"]
[Date "2020.11.21"]
[Round "2.1"]
[White "Basualto Penalieres, Pedro"]
[Black "Nowak, Lukasz"]
[Result "0-1"]
[WhiteElo "2025"]
[BlackElo "2265"]
[Annotator "TA"]
[PlyCount "54"]
[EventDate "2020.11.21"]
[EventType "team-tourn"]
[EventCountry "NET"]
[SourceTitle "playchess.com"]
[Source "ChessBase"]
[SourceQuality "1"]
[WhiteTeam "Chile"]
[BlackTeam "Poland"]
[WhiteTeamCountry "CHI"]
[BlackTeamCountry "POL"]

1. e4 e5 2. Nf3 Nc6 3. d4 exd4 4. Nxd4 Nf6 5. Nc3 Bb4 6. Nxc6 bxc6 7. Bd3 O-O 8. O-O d5 9. exd5 cxd5 10. Bg5 c6 11. Qf3 Rb8 12. h3 Bd6 13. Rab1 Be6 14. Rfd1 h6 15. Bh4 Rb4 16. Bg3 Bxg3 17. Qxg3 Qb8 18. Qxb8 Rfxb8 19. b3 c5 20. Na4 Rc8 21. Be2 Ne4 22. Rbc1 c4 23. c3 Rb7 24. b4 a5 25. bxa5 Ra8 26. Rb1 Rxb1 27. Rc1 Rxc1+ 0-1

[Event "FIDE Olympiad Disabilties 2020"]
[Site "Online"]
[Date "2020.11.21"]
[Round "2.1"]
[White "Stolarczyk, Anna"]
[Black "Rozas Lazcano, Valeska"]
[Result "1-0"]
[WhiteElo "1909"]
[BlackElo "1435"]
[Annotator "TA"]
[PlyCount "57"]
[EventDate "2020.11.21"]
[EventType "team-tourn"]
[EventCountry "NET"]
[SourceTitle "playchess.com"]
[Source "ChessBase"]
[SourceQuality "1"]
[WhiteTeam "Poland"]
[BlackTeam "Chile"]
[WhiteTeamCountry "POL"]
[BlackTeamCountry "CHI"]

1. d4 Nf6 2. Nf3 g6 3. g3 Bg7 4. Bg2 O-O 5. O-O d6 6. Re1 Nc6 7. d5 Nb8 8. e4 e5 9. dxe6 Bxe6 10. Nc3 Nc6 11. Bg5 h6 12. Bf4 Kh7 13. Nd5 Ne7 14. c4 Nexd5 15. exd5 Bg4 16. Qc2 Bxf3 17. Bxf3 Re8 18. Rxe8 Qxe8 19. Rc1 Nd7 20. b4 b6 21. h4 Qe7 22. h5 Re8 23. Be3 Qe5 24. hxg6+ fxg6 25. Bg4 Nf6 26. Be6 Re7 27. a4 h5 28. Bf4 Qd4 29. Rd1 1-0

[Event "FIDE Olympiad Disabilties 2020"]
[Site "Online"]
[Date "2020.11.21"]
[Round "2.2"]
[White "Braun, Georg"]
[Black "Pribeanu, Mihail-Dacian"]
[Result "1-0"]
[WhiteElo "2375"]
[BlackElo "2207"]
[Annotator "TA"]
[PlyCount "93"]
[EventDate "2020.11.21"]
[EventType "team-tourn"]
[EventCountry "NET"]
[SourceTitle "playchess.com"]
[Source "ChessBase"]
[SourceQuality "1"]
[WhiteTeam "Germany"]
[BlackTeam "Romania"]
[WhiteTeamCountry "GER"]
[BlackTeamCountry "ROU"]

1. e4 c6 2. Nf3 d5 3. d3 g6 4. e5 Bg7 5. d4 Bg4 6. Nbd2 c5 7. c3 Nc6 8. Bb5 Qb6 9. Bxc6+ Qxc6 10. O-O Nh6 11. h3 Bd7 12. dxc5 Qxc5 13. Nb3 Qc4 14. Bg5 f6 15. exf6 exf6 16. Re1+ Kf7 17. Nbd2 Qc7 18. Bxh6 Bxh6 19. Qb3 Bc6 20. Ne4 Rhe8 21. Nd4 Kg7 22. Nc5 Kh8 23. Nce6 Qd6 24. Re2 Re7 25. Rae1 Rae8 26. Nb5 Bxb5 27. Qxb5 Qc6 28. Qxc6 bxc6 29. Kf1 Kg8 30. Nd4 Rxe2 31. Rxe2 Rxe2 32. Kxe2 c5 33. Nc6 Kf7 34. Nxa7 Ke6 35. Nb5 Kd7 36. Kd3 Kc6 37. c4 Bc1 38. b3 Bb2 39. Kc2 Be5 40. Nc3 d4 41. Nd5 f5 42. Kd3 Bh2 43. a3 Bg1 44. f3 Kd6 45. b4 g5 46. b5 h5 47. a4 1-0

[Event "FIDE Olympiad Disabilties 2020"]
[Site "Online"]
[Date "2020.11.21"]
[Round "2.2"]
[White "von Erichsen, Annegret"]
[Black "Marchidan, Costica"]
[Result "0-1"]
[WhiteElo "1998"]
[BlackElo "1770"]
[Annotator "NA"]
[PlyCount "76"]
[EventDate "2020.11.21"]
[EventType "team-tourn"]
[EventCountry "NET"]
[SourceTitle "playchess.com"]
[Source "ChessBase"]
[SourceQuality "1"]
[WhiteTeam "Germany"]
[BlackTeam "Romania"]
[WhiteTeamCountry "GER"]
[BlackTeamCountry "ROU"]

1. Nc3 c5 2. e4 g6 3. f4 Bg7 4. Nf3 Nc6 5. Bc4 e6 6. O-O Nge7 7. d3 O-O 8. Qe1 d6 9. Qh4 Nd4 10. Nxd4 cxd4 11. Ne2 d5 12. exd5 exd5 13. Bb3 b5 14. Bd2 a5 15. a3 Nf5 16. Qxd8 Rxd8 17. c3 dxc3 18. Nxc3 Bb7 19. Nxb5 Bxb2 20. Rab1 Bg7 21. Nc7 Ra7 22. Nb5 Raa8 23. Nc7 Ra7 24. Rfc1 Nd4 25. Bd1 Bc6 26. a4 Rxc7 27. Bxa5 Rdc8 28. Bxc7 Rxc7 29. a5 Ra7 30. Rb8+ Bf8 31. Ra1 Bb5 32. Rd8 Bxd3 33. Rxd5 Nc2 34. Bxc2 Bxc2 35. Rd8 Kg7 36. Rc8 Bf5 37. Rc4 Ra6 38. Kf2 Be6 0-1

[Event "FIDE Olympiad Disabilties 2020"]
[Site "Online"]
[Date "2020.11.21"]
[Round "2.2"]
[White "Vaduva, Emil-Peter"]
[Black "Eichstaedt, Mirko"]
[Result "0-1"]
[WhiteElo "1968"]
[BlackElo "2236"]
[Annotator "TA"]
[PlyCount "76"]
[EventDate "2020.11.21"]
[EventType "team-tourn"]
[EventCountry "NET"]
[SourceTitle "playchess.com"]
[Source "ChessBase"]
[SourceQuality "1"]
[WhiteTeam "Romania"]
[BlackTeam "Germany"]
[WhiteTeamCountry "ROU"]
[BlackTeamCountry "GER"]

1. e4 Nf6 2. e5 Nd5 3. d4 d6 4. exd6 exd6 5. Nf3 Be7 6. c4 Nb6 7. h3 O-O 8. Bd3 Bf6 9. O-O Nc6 10. a3 Nxd4 11. Nxd4 Bxd4 12. Bxh7+ Kxh7 13. Qxd4 Bf5 14. Nc3 Re8 15. Be3 Re5 16. c5 Rxc5 17. Qf4 Re5 18. Bd4 Bd3 19. Rfd1 Bc2 20. Rd2 Rf5 21. Qg3 Rg5 22. Qf3 Bg6 23. Re1 Nc4 24. Rde2 c5 25. Be3 Nxe3 26. Rxe3 d5 27. Re5 Be4 28. Qf4 Rxg2+ 29. Kf1 Rg6 30. Nxe4 dxe4 31. Qxe4 Qd7 32. Rh5+ Kg8 33. f4 Rh6 34. Rxh6 gxh6 35. Qg2+ Kf8 36. Kg1 Rd8 37. Kh2 Qd2 38. Re2 Qxf4+ 0-1

[Event "FIDE Olympiad Disabilties 2020"]
[Site "Online"]
[Date "2020.11.21"]
[Round "2.2"]
[White "Florea, Dorina"]
[Black "Scheffner, Jarno"]
[Result "0-1"]
[WhiteElo "1741"]
[BlackElo "1969"]
[Annotator "TA"]
[PlyCount "44"]
[EventDate "2020.11.21"]
[EventType "team-tourn"]
[EventCountry "NET"]
[SourceTitle "playchess.com"]
[Source "ChessBase"]
[SourceQuality "1"]
[WhiteTeam "Romania"]
[BlackTeam "Germany"]
[WhiteTeamCountry "ROU"]
[BlackTeamCountry "GER"]

1. e4 c5 2. Nf3 d6 3. d4 cxd4 4. Nxd4 Nf6 5. Nc3 a6 6. Be2 e5 7. Nb3 Be6 8. O-O Be7 9. f4 Qc7 10. Be3 Nbd7 11. g4 h5 12. f5 Bc4 13. g5 Ng4 14. Bd2 d5 15. Nxd5 Bxd5 16. exd5 e4 17. Bf4 Bd6 18. Bxd6 Qxd6 19. Bxg4 hxg4 20. Qd2 Ne5 21. Qf4 O-O-O 22. Qf2 Nf3+ 0-1

[Event "FIDE Olympiad Disabilties 2020"]
[Site "Online"]
[Date "2020.11.21"]
[Round "2.3"]
[White "Ovcharov, Taras"]
[Black "Marimuthu K"]
[Result "1/2-1/2"]
[WhiteElo "2007"]
[BlackElo "1588"]
[Annotator "TA"]
[PlyCount "91"]
[EventDate "2020.11.21"]
[EventType "team-tourn"]
[EventCountry "NET"]
[SourceTitle "playchess.com"]
[Source "ChessBase"]
[SourceQuality "1"]
[WhiteTeam "Ukraine"]
[BlackTeam "India"]
[WhiteTeamCountry "UKR"]
[BlackTeamCountry "IND"]

1. e4 c5 2. c3 d5 3. exd5 Qxd5 4. d4 Nc6 5. Nf3 Bf5 6. Be3 Nf6 7. c4 Qd6 8. Na3 a6 9. d5 Ne5 10. Be2 e6 11. dxe6 Qxe6 12. Qa4+ Nc6 13. O-O Be7 14. Nb5 Rc8 15. Na7 b5 16. Qxa6 Nxa7 17. Qxa7 O-O 18. Qa5 Ra8 19. Qc3 Ng4 20. cxb5 Bf6 21. Qxc5 Rfc8 22. Qb6 Qe7 23. a4 Rab8 24. Qa7 Rb7 25. Qa6 Nxe3 26. fxe3 Qxe3+ 27. Kh1 Ra7 28. Qd6 Qxe2 29. b6 Rd7 30. Qf4 Rc2 31. Qb8+ Rd8 32. Qg3 Bc8 33. Rfe1 Qf2 34. Qxf2 Rxf2 35. Rab1 Bb7 36. a5 g6 37. b4 Bxf3 38. gxf3 Rdd2 39. Re4 Rxh2+ 40. Kg1 Rdg2+ 41. Kf1 Rf2+ 42. Kg1 Rhg2+ 43. Kh1 Rh2+ 44. Kg1 Rhg2+ 45. Kh1 Rh2+ 46. Kg1 1/2-1/2

[Event "FIDE Olympiad Disabilties 2020"]
[Site "Online"]
[Date "2020.11.21"]
[Round "2.3"]
[White "Filippskikh, Oleksii"]
[Black "Kavlekar, Sanjay R."]
[Result "1-0"]
[WhiteElo "1983"]
[BlackElo "1730"]
[Annotator "TA"]
[PlyCount "123"]
[EventDate "2020.11.21"]
[EventType "team-tourn"]
[EventCountry "NET"]
[SourceTitle "playchess.com"]
[Source "ChessBase"]
[SourceQuality "1"]
[WhiteTeam "Ukraine"]
[BlackTeam "India"]
[WhiteTeamCountry "UKR"]
[BlackTeamCountry "IND"]

1. Nf3 Nf6 2. c4 g6 3. b3 Bg7 4. Bb2 d6 5. d4 O-O 6. g3 c6 7. Bg2 Nbd7 8. O-O Qc7 9. Nc3 e5 10. e4 Re8 11. h3 exd4 12. Nxd4 Nh5 13. Qd2 Nc5 14. Rad1 Nf6 15. Rfe1 Be6 16. Nxe6 Rxe6 17. Ba3 Ne8 18. h4 b6 19. Bb2 Rd8 20. Bh3 Re7 21. b4 Nb7 22. h5 Nf6 23. hxg6 hxg6 24. Bg2 Nd7 25. f4 Nf6 26. Qc2 Nh5 27. Rd3 Rde8 28. Red1 a6 29. Ne2 Nf6 30. e5 dxe5 31. Bxe5 Qc8 32. Qc3 Nh5 33. g4 Bxe5 34. fxe5 Qxg4 35. R3d2 Rxe5 36. Qf3 Qxc4 37. Qxc6 Qxc6 38. Bxc6 Rxe2 39. Bxe8 Rxe8 40. Rd7 Rb8 41. Rc7 Nf6 42. Rdc1 Nd6 43. R1c6 Nde4 44. Ra7 a5 45. b5 Kg7 46. Ra6 Nc5 47. Raxb6 Rxb6 48. Rxb6 Nd5 49. Rc6 Nd7 50. Ra6 N7b6 51. Rxa5 f5 52. Ra7+ Kh6 53. a4 Nc4 54. a5 f4 55. a6 g5 56. Rd7 Ndb6 57. Rc7 g4 58. a7 Kg5 59. Rxc4 f3 60. Rc6 Na8 61. b6 g3 62. b7 1-0

[Event "FIDE Olympiad Disabilties 2020"]
[Site "Online"]
[Date "2020.11.21"]
[Round "2.3"]
[White "Krishna Reddy Garugu"]
[Black "Pokotaiev, Vladyslav"]
[Result "1/2-1/2"]
[WhiteElo "1475"]
[BlackElo "1839"]
[Annotator "NA"]
[PlyCount "99"]
[EventDate "2020.11.21"]
[EventType "team-tourn"]
[EventCountry "NET"]
[SourceTitle "playchess.com"]
[Source "ChessBase"]
[SourceQuality "1"]
[WhiteTeam "India"]
[BlackTeam "Ukraine"]
[WhiteTeamCountry "IND"]
[BlackTeamCountry "UKR"]

1. d4 d5 2. c4 e6 3. cxd5 exd5 4. Bf4 Nf6 5. Nc3 c6 6. e3 Bd6 7. Bxd6 Qxd6 8. Nf3 O-O 9. Be2 Re8 10. O-O Bf5 11. Ne5 Nbd7 12. Nxd7 Qxd7 13. Bd3 Re7 14. Bxf5 Qxf5 15. h3 Rae8 16. a3 h5 17. Qf3 Qxf3 18. gxf3 g5 19. Kh2 Kh7 20. Rg1 Rg8 21. Rg2 Kh6 22. Rag1 Rg6 23. Ne2 h4 24. Nc3 Nh5 25. Ne2 Ree6 26. Re1 f5 27. Rgg1 Rg7 28. Nc1 f4 29. Nd3 fxe3 30. fxe3 Ng3 31. Ne5 Rge7 32. b4 Kg7 33. Rg2 Kf6 34. Rf2 Kg7 35. a4 a6 36. Rb2 Kf6 37. Kg2 Nf5 38. Kf2 Nd6 39. Rc2 Rg7 40. Ng4+ Ke7 41. Ne5 Kf6 42. Rec1 Ree7 43. Ke2 Kf5 44. Rg1 Re6 45. Rcc1 Rge7 46. Kf2 Nf7 47. Ng4 Nd6 48. Ne5 Nf7 49. Ng4 Nd6 50. Ne5 1/2-1/2

[Event "FIDE Olympiad Disabilties 2020"]
[Site "Online"]
[Date "2020.11.21"]
[Round "2.3"]
[White "Kanishri R P"]
[Black "Myronenko, Natalya"]
[Result "0-1"]
[WhiteElo "1098"]
[BlackElo "1830"]
[Annotator "NA"]
[PlyCount "128"]
[EventDate "2020.11.21"]
[EventType "team-tourn"]
[EventCountry "NET"]
[SourceTitle "playchess.com"]
[Source "ChessBase"]
[SourceQuality "1"]
[WhiteTeam "India"]
[BlackTeam "Ukraine"]
[WhiteTeamCountry "IND"]
[BlackTeamCountry "UKR"]

1. d4 d5 2. c4 e6 3. Nf3 Nf6 4. Bg5 Bb4+ 5. Nbd2 O-O 6. e3 h6 7. Bh4 Be7 8. Bd3 b6 9. O-O Bb7 10. Rc1 Nbd7 11. Qb3 c5 12. dxc5 Nxc5 13. Qc2 Nfe4 14. Bxe7 Qxe7 15. Bxe4 dxe4 16. Ne5 Rfd8 17. b4 Nd3 18. Nxd3 Rxd3 19. c5 bxc5 20. bxc5 Rad8 21. Rfd1 Bc6 22. Nb3 Qd7 23. Rxd3 exd3 24. Qd2 Qd5 25. f3 e5 26. Qc3 e4 27. Nd4 exf3 28. gxf3 Qg5+ 29. Kh1 Qxe3 30. Nxc6 Qxf3+ 31. Kg1 Qxc6 32. Rd1 Rd5 33. Rxd3 Rxd3 34. Qxd3 Qxc5+ 35. Kh1 Qc6+ 36. Kg1 Qg6+ 37. Qxg6 fxg6 38. Kg2 Kf7 39. Kf3 Ke6 40. Ke4 g5 41. h3 g6 42. a3 a6 43. a4 h5 44. Kd4 Kd6 45. Kc4 g4 46. hxg4 h4 47. Kb4 h3 48. Ka5 h2 49. Kxa6 Kc7 50. Kb5 h1=Q 51. a5 Qb7+ 52. Ka4 Qe4+ 53. Kb5 Qxg4 54. a6 Qd7+ 55. Ka5 Kc6 56. Kb4 Kb6 57. a7 Qxa7 58. Kc4 Qd7 59. Kc3 Kc5 60. Kb3 Qd3+ 61. Kb2 Kb4 62. Ka2 Qe2+ 63. Ka1 Kb3 64. Kb1 Qb2# 0-1

[Event "FIDE Olympiad Disabilties 2020"]
[Site "Online"]
[Date "2020.11.21"]
[Round "2.4"]
[White "Wolanski, Michal"]
[Black "Guibert, Jeremy"]
[Result "1/2-1/2"]
[WhiteElo "2029"]
[BlackElo "1861"]
[Annotator "NA"]
[PlyCount "125"]
[EventDate "2020.11.21"]
[EventType "team-tourn"]
[EventCountry "NET"]
[SourceTitle "playchess.com"]
[Source "ChessBase"]
[SourceQuality "1"]
[WhiteTeam "Poland"]
[BlackTeam "France"]
[WhiteTeamCountry "POL"]
[BlackTeamCountry "FRA"]

1. c4 Nf6 2. g3 g6 3. Bg2 Bg7 4. Nf3 O-O 5. Nc3 c6 6. O-O d5 7. d4 dxc4 8. Ne5 Be6 9. e3 Nbd7 10. Nf3 Nb6 11. Ng5 Bg4 12. Qc2 h6 13. Nge4 Nxe4 14. Nxe4 e5 15. h3 Bf5 16. g4 Bxe4 17. Bxe4 exd4 18. exd4 Qxd4 19. Rb1 Rfe8 20. Bg2 Qd3 21. Qxd3 cxd3 22. Rd1 Rad8 23. Bf1 Rd7 24. Rxd3 Rxd3 25. Bxd3 Rd8 26. Bc2 Rd5 27. Bb3 Rb5 28. Be3 a5 29. Rd1 Nd5 30. Bd4 Bxd4 31. Rxd4 Kf8 32. Re4 Rc5 33. Bc4 b5 34. Bxd5 cxd5 35. Re5 f6 36. Re6 Kf7 37. Ra6 b4 38. Kg2 d4 39. Kf3 Rc2 40. Rxa5 Rxb2 41. Rb5 Ke6 42. h4 g5 43. hxg5 hxg5 44. Rb6+ Ke5 45. Rb5+ Ke6 46. Rb6+ Kf7 47. Rb7+ Kg6 48. Rb6 d3 49. Ke3 Re2+ 50. Kxd3 Rxf2 51. Rxb4 Rxa2 52. Ke3 Ra1 53. Kf3 Ra3+ 54. Kf2 Ra6 55. Kf3 Rd6 56. Ra4 Rb6 57. Ra5 Kf7 58. Ra4 Ke6 59. Re4+ Kf7 60. Ra4 Kg6 61. Ra5 Rb3+ 62. Kf2 Rb6 63. Kf3 1/2-1/2

[Event "FIDE Olympiad Disabilties 2020"]
[Site "Online"]
[Date "2020.11.21"]
[Round "2.4"]
[White "Afraoui, Solenn"]
[Black "Stachanczyk, Jacek"]
[Result "0-1"]
[WhiteElo "1889"]
[BlackElo "2122"]
[Annotator "TA"]
[PlyCount "98"]
[EventDate "2020.11.21"]
[EventType "team-tourn"]
[EventCountry "NET"]
[SourceTitle "playchess.com"]
[Source "ChessBase"]
[SourceQuality "1"]
[WhiteTeam "France"]
[BlackTeam "Poland"]
[WhiteTeamCountry "FRA"]
[BlackTeamCountry "POL"]

1. e4 c5 2. Nf3 Nc6 3. Nc3 g6 4. d4 cxd4 5. Nxd4 d6 6. Nde2 Nf6 7. g3 Bd7 8. Bg2 Qc8 9. h3 Bg7 10. Be3 b5 11. Nxb5 Qb7 12. Nbd4 Nxd4 13. Bxd4 e5 14. Be3 Nxe4 15. f3 Nf6 16. Qxd6 Nd5 17. f4 Bc6 18. Bxd5 Bxd5 19. O-O Bg2 20. Rf2 Bxh3 21. Rd1 Qd7 22. Qxd7+ Bxd7 23. fxe5 Bg4 24. Rd5 O-O 25. Bf4 Rfe8 26. c4 h6 27. Nc3 g5 28. Bd2 Bxe5 29. Kg2 Bc8 30. Rd3 Bb7+ 31. Nd5 Bxb2 32. Rb3 Bxd5+ 33. cxd5 Bd4 34. Rbf3 Bxf2 35. Rxf2 Rad8 36. Bc3 Rxd5 37. Rb2 Rd3 38. Bf6 Ree3 39. Rb8+ Kh7 40. Rb7 Rxg3+ 41. Kh2 Rh3+ 42. Kg2 Rdg3+ 43. Kf2 Rf3+ 44. Kg2 Kg6 45. Bd4 g4 46. Rxa7 Ra3 47. Rb7 Rxa2+ 48. Kg1 Rd3 49. Rb6+ Kh7 0-1

[Event "FIDE Olympiad Disabilties 2020"]
[Site "Online"]
[Date "2020.11.21"]
[Round "2.4"]
[White "Moulin, Marie"]
[Black "Pawelec, Bartosz"]
[Result "1/2-1/2"]
[WhiteElo "1579"]
[BlackElo "2019"]
[Annotator "NA"]
[PlyCount "142"]
[EventDate "2020.11.21"]
[EventType "team-tourn"]
[EventCountry "NET"]
[SourceTitle "playchess.com"]
[Source "ChessBase"]
[SourceQuality "1"]
[WhiteTeam "France"]
[BlackTeam "Poland"]
[WhiteTeamCountry "FRA"]
[BlackTeamCountry "POL"]

1. d4 d5 2. c4 dxc4 3. e4 Nf6 4. Nc3 e5 5. d5 c6 6. Bg5 b5 7. dxc6 Qa5 8. Bxf6 gxf6 9. c7 Qxc7 10. Nxb5 Bb4+ 11. Nc3 Be6 12. Nf3 Nc6 13. Be2 O-O 14. O-O Rfd8 15. Nd5 Bxd5 16. exd5 e4 17. Nh4 Ne5 18. Rc1 Qb7 19. Bxc4 Rac8 20. b3 Kh8 21. Nf5 Rg8 22. Kh1 Qd7 23. Ne3 Rg6 24. Qh5 Rcg8 25. Qf5 Qd6 26. Qxe4 Rh6 27. g3 Qd7 28. Qf5 Qd6 29. f4 Nd7 30. Ng4 Rhg6 31. Bd3 Nb6 32. Be4 R8g7 33. Rc6 Qd8 34. Nxf6 Be7 35. Nh5 Rxc6 36. dxc6 Rg6 37. Qxf7 Qd6 38. Bxg6 Qxg6 39. Qxg6 hxg6 40. Re1 Nc8 41. Re5 gxh5 42. Rxh5+ Kg7 43. Rd5 Kf6 44. Rd7 Bc5 45. Kg2 Ke6 46. Rd1 Bb6 47. Kf3 Ne7 48. Rc1 Kd6 49. Ke4 Nxc6 50. f5 Nd8 51. g4 Ke7 52. Rc6 Nxc6 53. h4 Bf2 54. h5 Kf6 55. Kf4 Bh4 56. h6 Bg5+ 57. Ke4 Bxh6 58. a3 Bf8 59. b4 Nb8 60. Kd5 Kg5 61. Ke6 Kxg4 62. f6 Kf4 63. Kf7 Bh6 64. Ke8 Ke4 65. f7 Kd4 66. Kd8 Kc4 67. Kc7 Na6+ 68. Kb7 Nxb4 69. axb4 Kxb4 70. Kxa7 Kc5 71. f8=Q+ Bxf8 1/2-1/2

[Event "FIDE Olympiad Disabilties 2020"]
[Site "Online"]
[Date "2020.11.21"]
[Round "2.4"]
[White "Zielinska, Aleksandra"]
[Black "Harmand, Yann"]
[Result "1-0"]
[WhiteElo "1325"]
[BlackElo "1468"]
[Annotator "NA"]
[PlyCount "67"]
[EventDate "2020.11.21"]
[EventType "team-tourn"]
[EventCountry "NET"]
[SourceTitle "playchess.com"]
[Source "ChessBase"]
[SourceQuality "1"]
[WhiteTeam "Poland"]
[BlackTeam "France"]
[WhiteTeamCountry "POL"]
[BlackTeamCountry "FRA"]

1. e4 e5 2. Nf3 Nc6 3. d4 exd4 4. Nxd4 Nge7 5. Nc3 Nxd4 6. Qxd4 Nc6 7. Qd1 g6 8. Bc4 Bg7 9. O-O O-O 10. Be3 d6 11. h3 Be6 12. Bb3 Qe7 13. Nd5 Qd7 14. Rb1 Rae8 15. Bh6 Bxd5 16. Bxg7 Kxg7 17. Bxd5 b6 18. Qf3 Ne5 19. Qc3 f6 20. f4 c6 21. fxe5 cxd5 22. exf6+ Kg8 23. exd5 Re5 24. Rbd1 Rc8 25. f7+ Kf8 26. Qd2 Rh5 27. Qd4 Re5 28. Qh4 Rh5 29. Qf6 Rf5 30. Qh8+ Ke7 31. Rde1+ Kxf7 32. Qxh7+ Kf6 33. Qxd7 Rh8 34. Qe7# 1-0

[Event "FIDE Olympiad Disabilties 2020"]
[Site "Online"]
[Date "2020.11.21"]
[Round "2.5"]
[White "Zilberman, Yaacov"]
[Black "Olivera Gutierrez, Albert"]
[Result "1-0"]
[WhiteElo "2339"]
[BlackElo "2097"]
[Annotator "TA"]
[PlyCount "71"]
[EventDate "2020.11.21"]
[EventType "team-tourn"]
[EventCountry "NET"]
[SourceTitle "playchess.com"]
[Source "ChessBase"]
[SourceQuality "1"]
[WhiteTeam "Israel"]
[BlackTeam "Spain"]
[WhiteTeamCountry "ISR"]
[BlackTeamCountry "ESP"]

1. d4 d5 2. c4 dxc4 3. Nf3 Nf6 4. e3 Bg4 5. Bxc4 e6 6. O-O Nc6 7. h3 Bh5 8. Bb5 Bd6 9. Nbd2 O-O 10. Bxc6 bxc6 11. Qc2 Qe8 12. b3 Nd7 13. Qxc6 e5 14. Bb2 exd4 15. Bxd4 Qe6 16. Rac1 Rfd8 17. Rfe1 Nc5 18. Rxc5 Bxc5 19. Qxe6 fxe6 20. Bxc5 a5 21. Rc1 a4 22. b4 e5 23. Nc4 e4 24. Nd4 Bf7 25. a3 Bd5 26. Ne5 Re8 27. Nec6 Kf7 28. b5 g5 29. Bb4 h5 30. Rc5 Bxc6 31. Rxc6 Ra7 32. Rh6 h4 33. b6 Rb7 34. bxc7 Kg7 35. Nf5+ Kg8 36. Nd6 1-0

[Event "FIDE Olympiad Disabilties 2020"]
[Site "Online"]
[Date "2020.11.21"]
[Round "2.5"]
[White "Shevelev, Arkady"]
[Black "Lago Carballo, Carmen"]
[Result "1-0"]
[WhiteElo "2280"]
[BlackElo "1328"]
[Annotator "TA"]
[PlyCount "41"]
[EventDate "2020.11.21"]
[EventType "team-tourn"]
[EventCountry "NET"]
[SourceTitle "playchess.com"]
[Source "ChessBase"]
[SourceQuality "1"]
[WhiteTeam "Israel"]
[BlackTeam "Spain"]
[WhiteTeamCountry "ISR"]
[BlackTeamCountry "ESP"]

1. e4 c6 2. d4 d5 3. exd5 cxd5 4. Nf3 Nf6 5. Bf4 Bg4 6. c3 Nc6 7. Qb3 Qd7 8. Ne5 Qc8 9. Nxg4 Qxg4 10. Qxb7 Qc8 11. Ba6 e6 12. Qxc8+ Rxc8 13. Bxc8 Be7 14. Ba6 O-O 15. Nd2 Nh5 16. Bc7 Nb8 17. Be2 Nf6 18. Bxb8 Rxb8 19. Rb1 h6 20. O-O Bd8 21. Bd3 1-0

[Event "FIDE Olympiad Disabilties 2020"]
[Site "Online"]
[Date "2020.11.21"]
[Round "2.5"]
[White "Fernandez Manrique, Agustin"]
[Black "Gurbanov, Andrei"]
[Result "0-1"]
[WhiteElo "2090"]
[BlackElo "2289"]
[Annotator "NA"]
[PlyCount "101"]
[EventDate "2020.11.21"]
[EventType "team-tourn"]
[EventCountry "NET"]
[SourceTitle "playchess.com"]
[Source "ChessBase"]
[SourceQuality "1"]
[WhiteTeam "Spain"]
[BlackTeam "Israel"]
[WhiteTeamCountry "ESP"]
[BlackTeamCountry "ISR"]

1. c4 e6 2. Nc3 d5 3. d4 a6 4. cxd5 exd5 5. Qc2 Nc6 6. Nf3 Nb4 7. Qb1 g6 8. e4 dxe4 9. Qxe4+ Be7 10. Bc4 Bf5 11. Qf4 Nc2+ 12. Kd1 Nxa1 13. g4 Be6 14. Bxe6 fxe6 15. Qe5 Bf6 16. Qxe6+ Qe7 17. Qc4 O-O-O 18. Bf4 g5 19. Re1 Qg7 20. Bg3 Bxd4 21. Nd5 Bxb2 22. Bxc7 Qc3 23. Bxd8+ Qxc4 24. Nb6+ Kxd8 25. Nxc4 Bf6 26. Kd2 Nh6 27. h3 b5 28. Nce5 Re8 29. Kc1 Kc7 30. Kb1 Re6 31. Rc1+ Kb7 32. Nd7 Rd6 33. Nxf6 Rxf6 34. Nxg5 Rxf2 35. Kxa1 Rh2 36. Re1 Ng8 37. Re8 Nf6 38. Re7+ Kb8 39. Nxh7 Nd5 40. Re8+ Kb7 41. Kb1 Nc3+ 42. Kc1 Nxa2+ 43. Kd1 Nc3+ 44. Ke1 b4 45. Re3 a5 46. g5 a4 47. Kf1 a3 48. g6 a2 49. Re1 Rh1+ 50. Kg2 Rxe1 51. g7 0-1

[Event "FIDE Olympiad Disabilties 2020"]
[Site "Online"]
[Date "2020.11.21"]
[Round "2.5"]
[White "Fernandez Lago, David"]
[Black "Aleksandrova, Aleksandra"]
[Result "0-1"]
[WhiteElo "1958"]
[BlackElo "1780"]
[Annotator "NA"]
[PlyCount "96"]
[EventDate "2020.11.21"]
[EventType "team-tourn"]
[EventCountry "NET"]
[SourceTitle "playchess.com"]
[Source "ChessBase"]
[SourceQuality "1"]
[WhiteTeam "Spain"]
[BlackTeam "Israel"]
[WhiteTeamCountry "ESP"]
[BlackTeamCountry "ISR"]

1. e4 d6 2. d4 Nd7 3. Nc3 c6 4. Nf3 Qc7 5. Bc4 h6 6. O-O Ngf6 7. Re1 e5 8. a4 a5 9. Ba2 Be7 10. h3 O-O 11. Nh4 Rd8 12. Nf5 Bf8 13. Qf3 exd4 14. Qg3 Kh7 15. Nxd4 Ne5 16. f4 Ng6 17. Be3 Re8 18. Rad1 Nxe4 19. Nxe4 Rxe4 20. Qf3 d5 21. c4 f5 22. cxd5 Bc5 23. Nxf5 Bxe3+ 24. Nxe3 Rxf4 25. Qh5 Rh4 26. Qf3 Rf4 27. Qe2 Qf7 28. Bb1 Kh8 29. Qc2 Nf8 30. dxc6 Be6 31. cxb7 Qxb7 32. Nf1 Bb3 33. Qd2 Bxd1 34. Qxf4 Qb6+ 35. Qf2 Qxf2+ 36. Kxf2 Bxa4 37. Re5 Nd7 38. Rd5 Nf6 39. Rd4 Be8 40. Ne3 Rb8 41. Rd2 a4 42. Bf5 g6 43. Be6 Ne4+ 44. Ke2 Nxd2 45. Kxd2 Rxb2+ 46. Kc3 Re2 47. Kd4 a3 48. Bc4 a2 0-1

[Event "FIDE Olympiad Disabilties 2020"]
[Site "Online"]
[Date "2020.11.21"]
[Round "2.6"]
[White "Kolpakov, Vladyslav"]
[Black "Mesa, Francisco Alonso Jr."]
[Result "1-0"]
[WhiteElo "2223"]
[BlackElo "1837"]
[Annotator "NA"]
[PlyCount "105"]
[EventDate "2020.11.21"]
[EventType "team-tourn"]
[EventCountry "NET"]
[SourceTitle "playchess.com"]
[Source "ChessBase"]
[SourceQuality "1"]
[WhiteTeam "Ukraine"]
[BlackTeam "Colombia"]
[WhiteTeamCountry "UKR"]
[BlackTeamCountry "COL"]

1. e4 c5 2. Nf3 e6 3. d4 cxd4 4. Nxd4 a6 5. Bd3 Qc7 6. O-O Nf6 7. Qe2 d6 8. f4 Nbd7 9. c4 b6 10. Nc3 Bb7 11. b3 Be7 12. Bb2 O-O 13. Rae1 g6 14. e5 dxe5 15. fxe5 Nh5 16. Kh1 Rad8 17. Bb1 Bc5 18. Ne4 Bxe4 19. Qxe4 Qxe5 20. Qxe5 Nxe5 21. Nxe6 fxe6 22. Bxe5 Rxf1+ 23. Rxf1 Rd2 24. g4 Ng7 25. Bc3 Rf2 26. Rxf2 Bxf2 27. Kg2 Bc5 28. b4 Bd6 29. Be4 Ne8 30. a3 Kf7 31. Bd4 Bc7 32. c5 bxc5 33. Bxc5 Nf6 34. Bf3 Nd5 35. h4 Nf4+ 36. Kf1 Nd3 37. Be3 Ne5 38. Be2 Nc6 39. Bxa6 Ne5 40. Be2 Nd7 41. a4 Ke7 42. a5 Kd6 43. Kg2 e5 44. a6 Bb6 45. a7 Bxa7 46. Bxa7 Kd5 47. b5 e4 48. Bd1 Ne5 49. b6 Kc6 50. Bc2 Nxg4 51. Bxe4+ Kd7 52. b7 Ne3+ 53. Kf3 1-0